Bolt Thrower Albums - Statistics

General Stats
  • This quiz has been taken 10 times
  • The average score is 5 of 8
Answer Stats
Hint Answer % Correct
1998 Mercenary
100%
1994 For Victory
80%
2001 Honour, Valour, Pride
60%
1988 In Battle There Is No Law!
60%
1992 The IVth Crusade
60%
2005 Those Once Loyal
60%
1991 War Master
60%
1989 Realm of Chaos (Slaves to Darkness)
40%
No matching quizzes found
Score Distribution
Percent of People with Each Score
Percentile by Number Answered
Your Score History
You have not taken this quiz